| 000 | 00362nam a2200145Ia 4500 | ||
|---|---|---|---|
| 008 | 150201s2001 xx 000 0 und d | ||
| 082 |
_a615.83 _bC0IH |
||
| 100 | _aHILLEGASS , ELLEN A. | ||
| 245 | _aCARDIOPULMONARY PHYSICAL THERAPY | ||
| 250 | _a2ND | ||
| 260 |
_bSAUNDERS _aPHILADELPHIA _c2001 |
||
| 300 | _a1-868 | ||
| 650 | _aPHYSIOTHERAPY | ||
| 942 |
_2ddc _cBK |
||
| 999 |
_c1552 _d1552 |
||